00685nam a2200241 a 4500001001300000003000900013005001700022008004100039020001000080082001300090100001600103245004500119260003100164300000900195500003500204505001000239650003200249700001600281902000800297942000700305952011400312999001700426nice12345678IN_TiNIC20260116013644.0050524s1987 laha grp 000 0 eng  ac19500a954bKHA aKhan, Iqbal aFresh Perspectives on India and Pakistan aLahorebBook Tradersc1987 a318p aincludes index and biblioraphy2 aIndex aIndia-Pakistan-Relationship1 aKhan, Iqbal bSRS cBK 001040708StackRoom-aHMIbHMId2007-04-03g195.00l0o954 KHAp016668r2007-04-03v195.00w2005-05-24yBK c11830d11830